Organización industrial para la estrategia empresarial
Wedi'i Gadw mewn:
| Prif Awdur: | |
|---|---|
| Awduron Eraill: | |
| Fformat: | Llyfr |
| Iaith: | Sbaeneg |
| Cyhoeddwyd: |
Buenos Aires
Pearson Education
2001
|
| Rhifyn: | 1a. ed |
| Pynciau: | |
| Tagiau: |
Ychwanegu Tag
Dim Tagiau, Byddwch y cyntaf i dagio'r cofnod hwn!
|
MARC
| LEADER | 00000cam a2200000 a 4500 | ||
|---|---|---|---|
| 001 | UCD5807 | ||
| 003 | CL-VaPUC | ||
| 008 | 161028e20010000ag |||||||||||||||||spa|d | ||
| 020 | |a 987946057X | ||
| 082 | 0 | 4 | |a 658.1 |b TAR |2 21 |
| 100 | 0 | |a Tarziján Martabit, Jorge |e author |9 589571 | |
| 700 | |a Paredes M., Ricardo |e autor |9 589572 | ||
| 245 | 1 | 0 | |a Organización industrial para la estrategia empresarial |
| 250 | |a 1a. ed | ||
| 300 | |a 368 p | ||
| 942 | |c BK | ||
| 945 | |d 20161028 10:18:00 |a dcastane | ||
| 260 | |a Buenos Aires |b Pearson Education |c 2001 | ||
| 650 | 0 | |a Microeconomía |9 258126 | |
| 650 | 0 | |a Administración de empresas |9 260833 | |
| 650 | 0 | |a Análisis de mercado |9 260838 | |
| 583 | |a last modification |c 20161028 10:18:00 |k Rodrigo Vera | ||
| 999 | |c 366356 |d 366354 | ||